English language skills and tourism industry (Record no. 231750)
[ view plain ]
| 000 -LEADER | |
|---|---|
| fixed length control field | 00594nam a22001817a 4500 |
| 005 - DATE AND TIME OF LATEST TRANSACTION | |
| control field | 20240905113642.0 |
| 008 - FIXED-LENGTH DATA ELEMENTS--GENERAL INFORMATION | |
| fixed length control field | 240905b ||||| |||| 00| 0 eng d |
| 040 ## - CATALOGING SOURCE | |
| Transcribing agency | AL |
| 041 ## - LANGUAGE CODE | |
| Language code of text/sound track or separate title | eng |
| 082 ## - DEWEY DECIMAL CLASSIFICATION NUMBER | |
| Edition number | 23 |
| Classification number | 428 |
| Item number | DIAE |
| 100 ## - MAIN ENTRY--PERSONAL NAME | |
| Personal name | Naveen Augustine Harush Dias |
| 9 (RLIN) | 178787 |
| 245 ## - TITLE STATEMENT | |
| Title | English language skills and tourism industry |
| Remainder of title | : a need based approach to university curriculum in Karnataka |
| 260 ## - PUBLICATION, DISTRIBUTION, ETC. | |
| Place of publication, distribution, etc. | Shankaraghatta |
| Name of publisher, distributor, etc. | Kuvempu University |
| Date of publication, distribution, etc. | 2023 |
| 300 ## - PHYSICAL DESCRIPTION | |
| Extent | 374p. |
| Other physical details | HB |
| Dimensions | 30x21.5cm. |
| 365 ## - TRADE PRICE | |
| Source of price type code | General |
| 650 ## - SUBJECT ADDED ENTRY--TOPICAL TERM | |
| Source of heading or term | English and Old English |
| Topical term or geographic name entry element | English Language |
| 9 (RLIN) | 178788 |
| 942 ## - ADDED ENTRY ELEMENTS (KOHA) | |
| Source of classification or shelving scheme | Dewey Decimal Classification |
| Koha item type | Donated Books |
| Withdrawn status | Lost status | Source of classification or shelving scheme | Damaged status | Not for loan | Collection code | Home library | Current library | Date acquired | Total Checkouts | Full call number | Barcode | Date last seen | Price effective from | Koha item type |
|---|---|---|---|---|---|---|---|---|---|---|---|---|---|---|
| Dewey Decimal Classification | MA English | St Aloysius PG Library | St Aloysius PG Library | 09/05/2024 | 428 DIAE | PG024764 | 09/05/2024 | 09/05/2024 | Donated Books |